000 00673nam a2200205 i 4500
001 25568
003 ES-MaACL
005 20230906153308.0
007 t|
008 021227s1950 sp ||||1| spa d
100 1 _aArmiñán, Luis de,
_d1871-1949
_9155857
245 1 3 _aEl duelo en mi tiempo /
_cLuis de Armiñan ; prólogo de Natalio Rivas.
260 _aMadrid :
_bEditora Nacional,
_c[1950] (
_fSèz)
300 _a349 p. :
_bil. ;
_c22 cm.
500 _aLa h. de lám. es un retr. del autor.
650 4 _aDuelos-
_zEspaña.
_9155858
700 1 _aRivas Santiago, Natalio,
_d1865-1958
_997593
852 _aES-MaACL
_jD-8071
_bR.30091
999 _c25568
_d25568